Fingerprint examination and individualization (Record no. 394377)

MARC details
000 -LEADER
fixed length control field 00544 a2200193 4500
005 - DATE & TIME
control field 20260209164543.0
008 - FIXED-LENGTH DATA ELEMENTS--GENERAL INFORMATION
fixed length control field 260209b |||||||| |||| 00| 0 eng d
020 ## - ISBN
International Standard Book Number 9789362246523
Price Rs. 2300.00
040 ## - CATALOGING SOURCE
Original cataloging agency VIVEKANANDA LIBRARY
082 ## - DDC NUMBER
Classification number 363.285
Book Number N143F
100 ## - MAIN ENTRY--PERSONAL NAME
Personal name Naidu, Bhaktha, ed.
245 ## - TITLE STATEMENT
Title Fingerprint examination and individualization
260 ## - PUBLICATION, DISTRIBUTION, ETC. (IMPRINT)
Name of publisher, distributor, etc Discovery Publishing House
Date of publication, distribution, etc 2025
Place of publication, distribution, etc New Delhi
300 ## - PHYSICAL DESCRIPTION
Pages v, 221
650 ## - Subject
Subject Forensic Science
650 ## - Subject
Subject Fingerprint Analysis
650 ## - Subject
Subject Criminal Identification
942 ## - ADDED ENTRY ELEMENTS (KOHA)
Koha item type Books
Holdings
Withdrawn status Lost status Source of classification or shelving scheme Damaged status Not for loan Location (home branch) Sublocation or collection (holding branch) Shelving location Date acquired Koha issues (times borrowed) Koha full call number Accession No. Koha date last seen Koha item type
    Dewey Decimal Classification     VIVEKANANDA LIBRARY VIVEKANANDA LIBRARY Vivekananda Library 22/01/2026   363.285 N143F 444481 22/01/2026 Books
© Designed and Maintained by Vivekananda Library, MDU Rohtak